000
00311 a2200157 4500
001
61117
020
_a
8526216058
040
_c
Anchieta - Pituba
100
_a
Barreto, Lima
240
1
0
_a
Mulher
_l
por
245
1
0
_a
Mulher
300
_a
107
362
0
_a
1990
650
4
_a
Ficção brasileira
942
_c
BK
999
_c
61117
_d
61117